| 000 | 00576nam a22001937a 4500 | ||
|---|---|---|---|
| 999 |
_c525380 _d525380 |
||
| 003 | NUST | ||
| 005 | 20190702044001.0 | ||
| 008 | 190702b ||||| |||| 00| 0 eng d | ||
| 038 | _awaseem | ||
| 082 |
_a891.49101 _bSAR |
||
| 100 |
_aQazi, Sarfaraz Hussain _916236 |
||
| 245 |
_aTanqidi Asool Ty Nazariye / _cSarfaraz Hussain Qazi |
||
| 260 |
_aLahore : _bKarwan Press, _c1992. |
||
| 300 | _a344 p. ; | ||
| 500 | _aPapercover. | ||
| 880 |
_6100-01\r _aسرفراز حسین قاضی |
||
| 880 |
_6245-02\r _a تنقیدی اصول تے نظریےً / |
||
| 942 |
_2ddc _cBK |
||